Pokémon - le défi des 1000 - Statistiques

Statistiques générales
  • Ce quiz a été pris 214 fois
    198 depuis la dernière actualisation
  • Le résultat moyen est 316 sur 1008
Statistiques - réponses
Numéro Type de quiz % Correct
1 Plante / Poison Bulbizarre
91%
4 Feu Salamèche
89%
6 Feu / Vol Dracaufeu
88%
2 Plante / Poison Herbizarre
86%
3 Plante / Poison Florizarre
84%
25 Électrik Pikachu
84%
5 Feu Reptincel
82%
7 Eau Carapuce
81%
173 Fée Mélo
80%
26 Électrik Raichu
78%
9 Eau Tortank
78%
8 Eau Carabaffe
76%
17 Normal / Vol Roucoups
76%
151 Psy Mew
75%
150 Psy Mewtwo
75%
12 Insecte / Vol Papilusion
75%
18 Normal / Vol Roucarnage
75%
16 Normal / Vol Roucool
75%
13 Insecte / Poison Aspicot
73%
148 Dragon Draco
73%
10 Insecte Chenipan
72%
94 Spectre / Poison Ectoplasma
72%
93 Spectre / Poison Spectrum
71%
14 Insecte / Poison Coconfort
70%
15 Insecte / Poison Dardargnan
69%
21 Normal / Vol Piafabec
69%
149 Dragon / Vol Dracolosse
68%
20 Normal Rattatac
68%
39 Normal / Fée Rondoudou
68%
146 Feu / Vol Sulfura
68%
92 Spectre / Poison Fantominus
67%
19 Normal Rattata
67%
393 Eau Tiplouf
67%
63 Psy Abra
66%
133 Normal Évoli
66%
40 Normal / Fée Grodoudou
66%
147 Dragon Minidraco
66%
74 Roche / Sol Racaillou
66%
144 Glace / Vol Artikodin
65%
95 Roche / Sol Onix
65%
23 Poison Abo
64%
65 Psy Alakazam
64%
134 Eau Aquali
64%
59 Feu Arcanin
64%
11 Insecte Chrysacier
64%
37 Feu Goupix
64%
64 Psy Kadabra
64%
130 Eau / Vol Léviator
64%
129 Eau Magicarpe
64%
35 Fée Mélofée
64%
24 Poison Arbok
63%
158 Eau Kaiminus
63%
66 Combat Machoc
63%
68 Combat Mackogneur
63%
36 Fée Mélodelfe
63%
107 Combat Tygnon
63%
160 Eau Aligatueur
62%
145 Électrik / Vol Électhor
62%
38 Feu Feunard
62%
152 Plante Germignon
62%
75 Roche / Sol Gravalanch
62%
196 Psy Mentali
62%
52 Normal Miaouss
62%
33 Poison Nidorino
62%
197 Ténèbres Noctali
62%
172 Électrik Pichu
62%
395 Eau / Acier Pingoléon
62%
22 Normal / Vol Rapasdepic
62%
135 Électrik Voltali
62%
67 Combat Machopeur
61%
126 Feu Magmar
61%
43 Plante / Poison Mystherbe
61%
31 Poison / Sol Nidoqueen
61%
29 Poison Nidoran♀
61%
32 Poison Nidoran♂
61%
30 Poison Nidorina
61%
484 Eau / Dragon Palkia
61%
58 Feu Caninos
60%
483 Acier / Dragon Dialga
60%
471 Glace Givrali
60%
76 Roche / Sol Grolem
60%
89 Poison Grotadmorv
60%
34 Poison / Sol Nidoking
60%
136 Feu Pyroli
60%
88 Poison Tadmorv
60%
155 Feu Héricendre
59%
390 Feu Ouisticram
59%
394 Eau Prinplouf
59%
55 Eau Akwakwak
58%
257 Feu / Combat Braségali
58%
125 Électrik Élektek
58%
78 Feu Galopa
58%
487 Spectre / Dragon Giratina
58%
106 Combat Kicklee
58%
249 Psy / Vol Lugia
58%
81 Électrik / Acier Magnéti
58%
82 Électrik / Acier Magnéton
58%
41 Poison / Vol Nosferapti
58%
44 Plante / Poison Ortide
58%
77 Feu Ponyta
58%
54 Eau Psykokwak
58%
142 Roche / Vol Ptéra
58%
45 Plante / Poison Rafflesia
58%
143 Normal Ronflex
58%
392 Feu / Combat Simiabraz
58%
109 Poison Smogo
58%
110 Poison Smogogo
58%
387 Plante Tortipouss
58%
140 Roche / Eau Kabuto
57%
42 Poison / Vol Nosferalto
57%
53 Normal Persian
57%
255 Feu Poussifeu
57%
243 Électrik Raikou
57%
120 Eau Stari
57%
101 Électrik Électrode
56%
244 Feu Entei
56%
383 Sol Groudon
56%
123 Insecte / Vol Insécateur
56%
141 Roche / Eau Kabutops
56%
382 Eau Kyogre
56%
27 Sol Sabelette
56%
121 Eau / Psy Staross
56%
245 Eau Suicune
56%
51 Sol Triopikeur
56%
157 Feu Typhlosion
56%
100 Électrik Voltorbe
56%
71 Plante / Poison Empiflor
55%
380 Dragon / Psy Latias
55%
381 Dragon / Psy Latios
55%
122 Psy / Fée M. Mime
55%
384 Dragon / Vol Rayquaza
55%
128 Normal Tauros
55%
389 Plante / Sol Torterra
55%
139 Roche / Eau Amonistar
54%
391 Feu / Combat Chimpenfeu
54%
159 Eau Crocrodil
54%
282 Psy / Fée Gardevoir
54%
154 Plante Méganium
54%
28 Sol Sablaireau
54%
138 Roche / Eau Amonita
53%
70 Plante / Poison Boustiflor
53%
69 Plante / Poison Chétiflor
53%
385 Acier / Psy Jirachi
53%
103 Plante / Psy Noadkoko
53%
169 Poison / Vol Nostenfer
53%
111 Sol / Roche Rhinocorne
53%
112 Sol / Roche Rhinoféros
53%
482 Psy Créfadet
52%
156 Feu Feurisson
52%
256 Feu / Combat Galifeu
52%
250 Feu / Vol Ho-Oh
52%
87 Eau / Glace Lamantine
52%
124 Glace / Psy Lippoutou
52%
448 Combat / Acier Lucario
52%
118 Eau Poissirène
52%
79 Eau / Psy Ramoloss
52%
379 Acier Registeel
52%
208 Acier / Sol Steelix
52%
62 Eau / Combat Tartard
52%
50 Sol Taupiqueur
52%
493 Normal Arceus
51%
251 Psy / Plante Celebi
51%
491 Ténèbres Darkrai
51%
80 Eau / Psy Flagadoss
51%
258 Eau Gobou
51%
113 Normal Leveinard
51%
153 Plante Macronium
51%
467 Feu Maganon
51%
102 Plante / Psy Noeunoeuf
51%
60 Eau Ptitard
51%
378 Glace Regice
51%
377 Roche Regirock
51%
72 Eau / Poison Tentacool
51%
174 Normal / Fée Toudoudou
51%
49 Insecte / Poison Aéromite
50%
252 Plante Arcko
50%
83 Normal / Vol Canarticho
50%
466 Électrik Élekable
50%
239 Électrik Élekid
50%
398 Normal / Vol Étouraptor
50%
397 Normal / Vol Étourvol
50%
56 Combat Férosinge
50%
281 Psy / Fée Kirlia
50%
131 Eau / Glace Lokhlass
50%
280 Psy / Fée Tarsal
50%
73 Eau / Poison Tentacruel
50%
388 Plante Boskara
49%
396 Normal / Vol Étourmi
49%
475 Psy / Combat Gallame
49%
115 Normal Kangourex
49%
98 Eau Krabby
49%
404 Électrik Luxio
49%
462 Électrik / Acier Magnézone
49%
105 Sol Ossatueur
49%
470 Plante Phyllali
49%
486 Normal Regigigas
49%
57 Combat Colossinge
48%
481 Psy Créfollet
48%
386 Psy Deoxys
48%
498 Feu Gruikui
48%
700 Fée Nymphali
48%
480 Psy Créhelf
47%
116 Eau Hypotrempe
47%
260 Eau / Sol Laggron
47%
403 Électrik Lixy
47%
240 Feu Magby
47%
253 Plante Massko
47%
376 Acier / Psy Métalosse
47%
104 Sol Osselait
47%
46 Insecte / Plante Paras
47%
47 Insecte / Plante Parasect
47%
119 Eau Poissoroy
47%
127 Insecte Scarabrute
47%
175 Fée Togepi
47%
494 Psy / Feu Victini
47%
658 Eau / Ténèbres Amphinobi
46%
656 Eau Grenousse
46%
97 Psy Hypnomade
46%
117 Eau Hypocéan
46%
90 Eau Kokiyas
46%
405 Électrik Luxray
46%
132 Normal Métamorph
46%
375 Acier / Psy Métang
46%
86 Eau Otaria
46%
643 Dragon / Feu Reshiram
46%
114 Plante Saquedeneu
46%
96 Psy Soporifik
46%
61 Eau Têtarte
46%
495 Plante Vipélierre
46%
644 Dragon / Électrik Zekrom
46%
265 Insecte Chenipotte
45%
212 Insecte / Acier Cizayox
45%
163 Normal / Vol Hoothoot
45%
254 Plante Jungko
45%
99 Eau Krabboss
45%
274 Plante / Ténèbres Pifeuil
45%
447 Combat Riolu
45%
275 Plante / Ténèbres Tengalice
45%
488 Psy Cresselia
44%
91 Eau / Glace Crustabri
44%
215 Ténèbres / Glace Farfuret
44%
485 Feu / Acier Heatran
44%
646 Dragon / Glace Kyurem
44%
170 Eau / Électrik Loupio
44%
497 Plante Majaspic
44%
48 Insecte / Poison Mimitoss
44%
269 Insecte / Poison Papinox
44%
500 Feu / Combat Roitiflam
44%
407 Plante / Poison Roserade
44%
445 Dragon / Sol Carchacrok
43%
461 Ténèbres / Glace Dimoret
43%
84 Normal / Vol Doduo
43%
373 Dragon / Vol Drattak
43%
259 Eau / Sol Flobio
43%
446 Normal Goinfrex
43%
499 Feu / Combat Grotichon
43%
496 Plante Lianaja
43%
501 Eau Moustillon
43%
137 Normal Porygon
43%
315 Plante / Poison Rosélia
43%
492 Plante Shaymin
43%
279 Eau / Vol Bekipan
42%
444 Dragon / Sol Carmache
42%
236 Combat Debugant
42%
85 Normal / Vol Dodrio
42%
309 Électrik Dynavolt
42%
171 Eau / Électrik Lanturn
42%
473 Glace / Sol Mammochon
42%
312 Électrik Négapi
42%
311 Électrik Posipi
42%
464 Sol / Roche Rhinastoc
42%
199 Eau / Psy Roigada
42%
207 Sol / Vol Scorplane
42%
472 Sol / Vol Scorvol
42%
302 Ténèbres / Spectre Ténéfix
42%
468 Fée / Vol Togekiss
42%
176 Fée / Vol Togetic
42%
248 Roche / Ténèbres Tyranocif
42%
320 Eau Wailmer
42%
321 Eau Wailord
42%
194 Eau / Sol Axoloto
41%
430 Ténèbres / Vol Corboss
41%
246 Roche / Sol Embrylex
41%
108 Normal Excelangue
41%
278 Eau / Vol Goélise
41%
443 Dragon / Sol Griknot
41%
277 Normal / Vol Hélédelle
41%
490 Eau Manaphy
41%
489 Eau Phione
41%
247 Roche / Sol Ymphect
41%
201 Psy Zarbi
41%
227 Acier / Vol Airmure
40%
323 Feu / Sol Camérupt
40%
503 Eau Clamiral
40%
189 Plante / Vol Cotovol
40%
165 Insecte / Vol Coxy
40%
166 Insecte / Vol Coxyclaque
40%
200 Spectre Feuforêve
40%
725 Feu Flamiaou
40%
330 Sol / Dragon Libégon
40%
238 Glace / Psy Lippouti
40%
270 Eau / Plante Nénupiot
40%
477 Spectre Noctunoir
40%
233 Normal Porygon2
40%
374 Acier / Psy Terhal
40%
717 Ténèbres / Vol Yveltal
40%
657 Eau Croâporal
39%
229 Ténèbres / Feu Démolosse
39%
310 Électrik Élecsprint
39%
237 Combat Kapoera
39%
399 Normal Keunotor
39%
180 Électrik Lainergie
39%
228 Ténèbres / Feu Malosse
39%
220 Glace / Sol Marcacrin
39%
177 Psy / Vol Natu
39%
791 Psy / Acier Solgaleo
39%
178 Psy / Vol Xatu
39%
263 Normal Zigzaton
39%
266 Insecte Armulys
38%
465 Plante Bouldeneu
38%
221 Glace / Sol Cochignon
38%
198 Ténèbres / Vol Cornèbre
38%
188 Plante / Vol Floravol
38%
187 Plante / Vol Granivol
38%
230 Eau / Dragon Hyporoi
38%
365 Glace / Eau Kaimorse
38%
195 Eau / Sol Maraiste
38%
478 Glace / Spectre Momartik
38%
362 Glace Oniglali
38%
519 Normal / Vol Poichigeon
38%
474 Normal Porygon-Z
38%
337 Roche / Psy Séléroc
38%
338 Roche / Psy Solaroc
38%
716 Fée Xerneas
38%
718 Dragon / Sol Zygarde
38%
349 Eau Barpau
37%
268 Insecte Blindalys
37%
722 Plante / Vol Brindibou
37%
400 Normal / Eau Castorno
37%
322 Feu / Sol Chamallot
37%
267 Insecte / Vol Charmillon
37%
161 Normal Fouinette
37%
305 Acier / Roche Galegon
37%
304 Acier / Roche Galekid
37%
306 Acier / Roche Galeking
37%
792 Psy / Spectre Lunala
37%
429 Spectre Magirêve
37%
183 Eau / Fée Marill
37%
261 Ténèbres Medhyèna
37%
439 Psy / Fée Mime Jr.
37%
167 Insecte / Poison Mimigal
37%
303 Acier / Fée Mysdibule
37%
276 Normal / Vol Nirondelle
37%
164 Normal / Vol Noarfang
37%
181 Électrik Pharamp
37%
406 Plante / Poison Rozbouton
37%
214 Insecte / Combat Scarhino
37%
361 Glace Stalgamin
37%
359 Ténèbres Absol
36%
184 Eau / Fée Azumarill
36%
298 Normal / Fée Azurill
36%
162 Normal Fouinar
36%
273 Plante Grainipiot
36%
182 Plante Joliflor
36%
264 Normal Linéon
36%
272 Eau / Plante Ludicolo
36%
457 Eau Luminéon
36%
168 Insecte / Poison Migalos
36%
418 Eau Mustébouée
36%
417 Électrik Pachirisu
36%
507 Normal Ponchien
36%
355 Spectre Skelénox
36%
639 Roche / Combat Terrakium
36%
640 Plante / Combat Viridium
36%
343 Sol / Psy Balbuto
35%
354 Spectre Branette
35%
295 Normal Brouhabam
35%
308 Combat / Psy Charmina
35%
271 Eau / Plante Lombre
35%
502 Eau Mateloutre
35%
292 Insecte / Spectre Munja
35%
419 Eau Mustéflott
35%
291 Insecte / Vol Ninjask
35%
353 Spectre Polichombr
35%
506 Normal Ponchiot
35%
179 Électrik Wattouat
35%
523 Électrik Zéblitz
35%
724 Plante / Spectre Archéduc
34%
318 Eau / Ténèbres Carvanha
34%
638 Acier / Combat Cobaltium
34%
463 Normal Coudlangue
34%
371 Dragon Draby
34%
241 Normal Écrémeuh
34%
727 Feu / Ténèbres Félinferno
34%
511 Plante Feuillajou
34%
203 Normal / Psy Girafarig
34%
262 Ténèbres Grahyèna
34%
647 Eau / Combat Keldeo
34%
328 Sol Kraknoix
34%
218 Feu Limagma
34%
650 Plante Marisson
34%
479 Électrik / Spectre Motisma
34%
637 Insecte / Feu Pyrax
34%
356 Spectre Téraclope
34%
334 Dragon / Vol Altaria
33%
339 Eau / Sol Barloche
33%
460 Plante / Glace Blizzaroi
33%
324 Feu Chartor
33%
413 Insecte / * Cheniselle
33%
412 Insecte Cheniti
33%
645 Sol / Vol Démétéros
33%
653 Feu Feunnec
33%
642 Électrik / Vol Fulguris
33%
345 Roche / Plante Lilia
33%
730 Eau / Fée Oratoria
33%
319 Eau / Ténèbres Sharpedo
33%
442 Spectre / Ténèbres Spiritomb
33%
333 Normal / Vol Tylton
33%
522 Électrik Zébibron
33%
416 Insecte / Vol Apireine
32%
340 Eau / Sol Barbicha
32%
641 Vol Boréas
32%
286 Plante / Combat Chapignon
32%
372 Dragon Drackhaus
32%
621 Dragon Drakkarmin
32%
515 Eau Flotajou
32%
655 Feu / Psy Goupelin
32%
242 Normal Leuphorie
32%
508 Normal Mastouffe
32%
350 Eau Milobellus
32%
505 Normal Miradar
32%
414 Insecte / Vol Papilord
32%
364 Glace / Eau Phogleur
32%
441 Normal / Vol Pijako
32%
440 Normal Ptiravi
32%
185 Roche Simularbre
32%
186 Eau Tarpaud
32%
635 Ténèbres / Dragon Trioxhydre
32%
217 Normal Ursaring
32%
283 Insecte / Eau Arakdo
31%
285 Plante Balignon
31%
652 Plante / Combat Blindépique
31%
521 Normal / Vol Déflaisan
31%
410 Roche / Acier Dinoclier
31%
513 Feu Flamajou
31%
514 Feu Flamoutan
31%
649 Insecte / Acier Genesect
31%
344 Sol / Psy Kaorine
31%
800 Psy Necrozma
31%
290 Insecte / Sol Ningale
31%
363 Glace / Eau Obalie
31%
224 Eau Octillery
31%
728 Eau Otaquin
31%
202 Psy Qulbutoké
31%
294 Normal Ramboum
31%
223 Eau Rémoraid
31%
625 Ténèbres / Acier Scalproie
31%
633 Ténèbres / Dragon Solochi
31%
299 Roche Tarinor
31%
219 Feu / Roche Volcaropod
31%
193 Insecte / Vol Yanma
31%
348 Roche / Insecte Armaldo
30%
411 Roche / Acier Bastiodon
30%
409 Roche Charkos
30%
454 Poison / Combat Coatox
30%
723 Plante / Vol Efflèche
30%
587 Électrik / Vol Emolga
30%
512 Plante Feuiloutan
30%
316 Poison Gloupti
30%
297 Combat Hariyama
30%
726 Feu Matoufeu
30%
307 Combat / Psy Méditikka
30%
604 Électrik Ohmassacre
30%
476 Roche / Acier Tarinorme
30%
423 Eau / Sol Tritosor
30%
455 Plante Vortente
30%
469 Insecte / Vol Yanmega
30%
602 Électrik Anchwatt
29%
317 Poison Avaltout
29%
459 Plante / Glace Blizzi
29%
234 Normal Cerfrousse
29%
600 Acier Clic
29%
342 Eau / Ténèbres Colhomard
29%
366 Eau Coquiperl
29%
702 Électrik / Fée Dedenne
29%
719 Roche / Fée Diancie
29%
456 Eau Écayon
29%
516 Eau Flotoutan
29%
205 Insecte / Acier Foretress
29%
449 Sol Hippopotas
29%
206 Normal Insolourdo
29%
408 Roche Kranidos
29%
289 Normal Monaflèmit
29%
204 Insecte Pomdepik
29%
636 Insecte / Feu Pyronille
29%
451 Poison / Insecte Rapion
29%
336 Poison Séviper
29%
300 Normal Skitty
29%
216 Normal Teddiursa
29%
347 Roche / Insecte Anorith
28%
437 Acier / Psy Archéodong
28%
509 Ténèbres Chacripan
28%
293 Normal Chuchmur
28%
553 Sol / Ténèbres Crocorible
28%
226 Eau / Vol Démanta
28%
634 Ténèbres / Dragon Diamat
28%
452 Poison / Ténèbres Drascore
28%
632 Insecte / Acier Fermite
28%
603 Électrik Lampéroie
28%
296 Combat Makuhita
28%
542 Insecte / Plante Manternel
28%
551 Sol / Ténèbres Mascaïman
28%
284 Insecte / Vol Maskadra
28%
517 Psy Munna
28%
287 Normal Parecool
28%
906 Plante Poussacha
28%
504 Normal Ratentif
28%
357 Plante / Vol Tropius
28%
329 Sol / Dragon Vibraninf
28%
415 Insecte / Vol Apitrini
27%
425 Spectre / Vol Baudrive
27%
601 Acier Cliticlic
27%
520 Normal / Vol Colombeau
27%
541 Insecte / Plante Couverdure
27%
453 Poison / Combat Cradopaud
27%
358 Psy Éoko
27%
192 Plante Héliatronc
27%
427 Normal Laporeille
27%
816 Eau Larméléon
27%
335 Normal Mangriff
27%
402 Insecte Mélokrik
27%
235 Normal Queulorior
27%
211 Eau / Poison Qwilfish
27%
369 Eau / Roche Relicanth
27%
367 Eau Serpang
27%
599 Acier Tic
27%
788 Eau / Fée Tokopisco
27%
346 Roche / Plante Vacilys
27%
888 Fée Zacian
27%
570 Ténèbres Zorua
27%
458 Eau / Vol Babimanta
26%
534 Combat Bétochef
26%
331 Plante Cacnea
26%
225 Glace / Vol Cadoizo
26%
190 Normal Capumain
26%
431 Normal Chaglam
26%
301 Normal Delcatty
26%
232 Sol Donphan
26%
607 Spectre / Feu Funécire
26%
623 Sol / Spectre Golemastoc
26%
210 Fée Granbull
26%
352 Normal Kecleon
26%
438 Roche Manzaï
26%
908 Plante / Ténèbres Miascarade
26%
351 Normal Morphéo
26%
434 Poison / Ténèbres Moufouette
26%
596 Insecte / Électrik Mygavolt
26%
729 Eau Otarlette
26%
231 Sol Phanpy
26%
815 Feu Pyrobut
26%
422 Eau Sancoki
26%
624 Ténèbres / Acier Scalpion
26%
582 Glace Sorbébé
26%
327 Normal Spinda
26%
191 Plante Tournegrin
26%
288 Normal Vigoroth
26%
889 Combat Zamazenta
26%
436 Acier / Psy Archéomire
25%
332 Plante / Ténèbres Cacturne
25%
213 Insecte / Roche Caratroc
25%
420 Plante Ceribou
25%
532 Combat Charpenti
25%
222 Eau / Roche Corayon
25%
537 Eau / Sol Crapustule
25%
401 Insecte Crikzik
25%
341 Eau Écrapince
25%
552 Sol / Ténèbres Escroco
25%
681 Acier / Spectre Exagide
25%
670 Fée Floette
25%
526 Roche Gigalithe
25%
812 Plante Gorythmic
25%
597 Plante / Acier Grindur
25%
426 Spectre / Vol Grodrive
25%
450 Sol Hippodocus
25%
720 Psy / Spectre Hoopa
25%
611 Dragon Incisache
25%
539 Combat Karaclée
25%
814 Feu Lapyro
25%
540 Insecte / Plante Larveyette
25%
618 Sol / Électrik Limonde
25%
428 Normal Lockpin
25%
370 Eau Lovdisc
25%
609 Spectre / Feu Lugulabre
25%
648 Normal / Psy Meloetta
25%
598 Plante / Acier Noacier
25%
524 Roche Nodulithe
25%
360 Psy Okéoké
25%
810 Plante Ouistempo
25%
528 Psy / Vol Rhinolove
25%
368 Eau Rosabyss
25%
584 Glace Sorbouboul
25%
583 Glace Sorboul
25%
785 Électrik / Fée Tokorico
25%
787 Plante / Fée Tokotoro
25%
535 Eau Tritonde
25%
721 Feu / Eau Volcanion
25%
807 Électrik Zeraora
25%
571 Ténèbres Zoroark
25%
536 Eau / Sol Batracné
24%
424 Normal Capidextre
24%
909 Feu Chochodile
24%
663 Feu / Vol Flambusard
24%
622 Sol / Spectre Gringolem
24%
326 Psy Groret
24%
538 Combat Judokrak
24%
802 Combat / Spectre Marshadow
24%
435 Poison / Ténèbres Moufflair
24%
518 Psy Mushana
24%
533 Combat Ouvrifier
24%
895 Dragon Regidrago
24%
894 Électrik Regieleki
24%
209 Fée Snubbull
24%
786 Psy / Fée Tokopiyon
24%
701 Combat / Vol Brutalibré
23%
545 Insecte / Poison Brutapode
23%
715 Vol / Dragon Bruyverne
23%
421 Plante Ceriflor
23%
432 Normal Chaffreux
23%
527 Psy / Vol Chovsourir
23%
580 Eau / Vol Couaneton
23%
610 Dragon Coupenotte
23%
555 Feu Darumacho
23%
554 Feu Darumarond
23%
669 Fée Flabébé
23%
626 Normal Frison
23%
510 Ténèbres Léopardus
23%
809 Acier Melmetal
23%
808 Acier Meltan
23%
794 Insecte / Combat Mouscoto
23%
661 Normal / Vol Passerouge
23%
654 Feu Roussil
23%
544 Insecte / Poison Scobolide
23%
325 Psy Spoink
23%
612 Dragon Tranchodon
23%
543 Insecte / Poison Venipatte
23%
631 Feu Aflamanoir
22%
566 Roche / Vol Arkéapti
22%
811 Plante Badabouin
22%
797 Acier / Vol Bamboiselle
22%
546 Plante / Fée Doudouvet
22%
616 Insecte Escargaume
22%
547 Plante / Fée Farfaduvet
22%
549 Plante Fragilady
22%
615 Glace Hexagel
22%
575 Psy Mesmérella
22%
778 Spectre / Fée Mimiqui
22%
530 Sol / Acier Minotaupe
22%
531 Normal Nanméouïe
22%
529 Sol Rototaupe
22%
574 Psy Scrutella
22%
576 Psy Sidérella
22%
595 Insecte / Électrik Statitik
22%
585 Normal / Plante Vivaldaim
22%
629 Ténèbres / Vol Vostourno
22%
550 Eau Bargantua
21%
662 Feu / Vol Braisillon
21%
548 Plante Chlorobule
21%
789 Psy Cosmog
21%
890 Poison / Dragon Éthernatos
21%
813 Feu Flambino
21%
525 Roche Géolithe
21%
628 Normal / Vol Gueriaigle
21%
589 Insecte / Acier Lançargot
21%
608 Spectre / Feu Mélancolux
21%
569 Poison Miasmax
21%
877 Électrik / Ténèbres Morpeko
21%
313 Insecte Muciole
21%
704 Dragon Mucuscule
21%
706 Dragon Muplodocus
21%
731 Normal / Vol Picassaut
21%
703 Roche / Fée Strassie
21%
562 Spectre Tutafeh
21%
651 Plante Boguérisse
20%
790 Psy Cosmovum
20%
911 Feu / Spectre Flâmigator
20%
671 Fée Florges
20%
627 Normal / Vol Furaiglon
20%
694 Électrik / Normal Galvaran
20%
712 Glace Grelaçon
20%
1000 Acier / Spectre Gromago
20%
586 Normal / Plante Haydaim
20%
667 Feu / Normal Hélionceau
20%
798 Plante / Acier Katagami
20%
1007 Combat / Dragon Koraidon
20%
433 Psy Korillon
20%
617 Insecte Limaspeed
20%
314 Insecte Lumivole
20%
801 Acier / Fée Magearna
20%
578 Psy Méios
20%
1008 Électrik / Dragon Miraidon
20%
679 Acier / Spectre Monorpale
20%
593 Eau / Spectre Moyade
20%
666 Insecte / Vol Prismillon
20%
563 Spectre Tutankafer
20%
630 Ténèbres / Vol Vaututrice
20%
567 Roche / Vol Aéroptéryx
19%
560 Ténèbres / Combat Baggaïd
19%
796 Électrik Câblifère
19%
705 Dragon Colimucus
19%
561 Psy / Vol Cryptéro
19%
581 Eau / Vol Lakmécygne
19%
758 Poison / Feu Malamandre
19%
594 Eau Mamanbo
19%
568 Poison Miamiasme
19%
668 Feu / Normal Némélios
19%
577 Psy Nucléos
19%
675 Combat / Ténèbres Pandarbare
19%
614 Glace Polagriffe
19%
613 Glace Polarhume
19%
620 Combat Shaofouine
19%
579 Psy Symbios
19%
707 Acier / Fée Trousselin
19%
592 Eau / Spectre Viskuse
19%
564 Eau / Roche Carapagos
18%
572 Normal Chinchidou
18%
823 Vol / Acier Corvaillus
18%
557 Insecte / Roche Crabicoque
18%
799 Ténèbres / Dragon Engloutyran
18%
660 Normal / Sol Excavarenne
18%
862 Ténèbres / Normal Ixon
18%
619 Combat Kungfouine
18%
818 Eau Lézargus
18%
556 Plante Maracachi
18%
565 Eau / Roche Mégapagos
18%
866 Glace / Psy M. Glaquette
18%
697 Roche / Dragon Rexillius
18%
744 Roche Rocabot
18%
892 Combat / * Shifours
18%
777 Électrik / Acier Togedemaru
18%
901 Sol / Normal Ursaking
18%
793 Roche / Poison Zéroïd
18%
559 Ténèbres / Combat Baggiguane
17%
708 Spectre / Plante Brocélôme
17%
795 Insecte / Combat Cancrelove
17%
588 Insecte Carabing
17%
912 Eau Coiffeton
17%
910 Feu Crocogril
17%
680 Acier / Spectre Dimoclès
17%
780 Normal / Dragon Draïeul
17%
981 Normal / Psy Farigiraf
17%
691 Poison / Dragon Kravarech
17%
914 Eau / Combat Palmaval
17%
674 Combat Pandespiègle
17%
677 Psy Psystigri
17%
696 Roche / Dragon Ptyranidur
17%
659 Normal Sapereau
17%
713 Glace Séracrawl
17%
714 Vol / Dragon Sonistrelle
17%
757 Poison / Feu Tritox
17%
1004 Ténèbres / Feu Yuyu
17%
698 Roche / Glace Amagara
16%
733 Normal / Vol Bazoucan
16%
750 Sol Bourrinos
16%
737 Insecte / Électrik Chrysapile
16%
676 Normal Couafarel
16%
979 Combat / Spectre Courrousinge
16%
558 Insecte / Roche Crabaraque
16%
709 Spectre / Plante Desséliande
16%
982 Normal Deusolourdo
16%
699 Roche / Glace Dragmara
16%
903 Combat / Poison Farfurex
16%
1006 Fée / Combat Garde-de-Fer
16%
900 Insecte / Roche Hachécateur
16%
695 Électrik / Normal Iguolta
16%
745 Roche Lougaroc
16%
738 Insecte / Électrik Lucanon
16%
804 Poison / Dragon Mandrillon
16%
573 Normal Pashmilla
16%
851 Feu / Insecte Scolocendre
16%
684 Fée Sucroquin
16%
960 Eau Taupikeau
16%
961 Eau Triopikeau
16%
683 Fée Cocotine
15%
685 Fée Cupcanaille
15%
784 Dragon / Combat Ékaïser
15%
591 Plante / Poison Gaulet
15%
605 Psy Lewsor
15%
907 Plante Matourgeon
15%
821 Vol Minisange
15%
606 Psy Neitram
15%
710 Spectre / Plante Pitrouille
15%
841 Plante / Dragon Pomdrapi
15%
686 Ténèbres / Psy Sepiatop
15%
687 Ténèbres / Psy Sepiatroce
15%
980 Poison / Sol Terraiste
15%
803 Poison Vémini
15%
861 Ténèbres / Fée Angoliath
14%
817 Eau Arrozard
14%
711 Spectre Banshitrouye
14%
673 Plante Chevroum
14%
734 Normal Manglouton
14%
678 Psy Mistigrix
14%
999 Spectre Mordudor
14%
665 Insecte Pérégrain
14%
732 Normal / Vol Piclairon
14%
748 Poison / Eau Prédastérie
14%
849 Électrik / Poison Salarsen
14%
768 Insecte / Eau Sarmuraï
14%
983 Ténèbres / Acier Scalpereur
14%
948 Sol / Plante Terracool
14%
949 Sol / Plante Terracruel
14%
749 Sol Tiboudet
14%
590 Plante / Poison Trompignon
14%
735 Normal Argouste
13%
1002 Ténèbres / Glace Baojian
13%
782 Dragon Bébécaille
13%
672 Plante Cabriolaine
13%
913 Eau Canarbello
13%
760 Normal / Combat Chelours
13%
682 Fée Fluvetin
13%
746 Eau Froussardine
13%
664 Insecte Lépidonille
13%
937 Feu / Spectre Malvalame
13%
928 Plante / Normal Olivini
13%
688 Roche / Eau Opermine
13%
865 Combat Palarticho
13%
819 Normal Rongourmand
13%
743 Insecte / Fée Rubombelle
13%
858 Psy / Fée Sorcilence
13%
767 Insecte / Eau Sovkipou
13%
898 Psy / Plante Sylveroy
13%
752 Eau / Insecte Tarenbulle
13%
848 Électrik / Poison Toxizap
13%
690 Poison / Eau Venalgue
13%
840 Plante / Dragon Verpom
13%
905 Fée / Vol Amovénus
12%
742 Insecte / Fée Bombydou
12%
776 Feu / Dragon Boumata
12%
899 Normal / Psy Cerbyllin
12%
857 Psy Chapotus
12%
739 Combat Crabagarre
12%
779 Eau / Psy Denticrisse
12%
884 Acier / Dragon Duralugon
12%
692 Eau Flingouste
12%
987 Spectre / Fée Flotte-Mèche
12%
693 Eau Gamblast
12%
991 Glace / Eau Hotte-de-Fer
12%
882 Eau / Dragon Hydragon
12%
736 Insecte Larvibule
12%
831 Normal Moumouton
12%
741 * / Vol Plumeline
12%
921 Électrik Pohm
12%
923 Électrik / Combat Pohmarmotte
12%
904 Ténèbres / Poison Qwilpik
12%
828 Ténèbres Roublenard
12%
897 Spectre Spectreval
12%
763 Plante Sucreine
12%
834 Eau / Roche Torgamord
12%
835 Électrik Voltoutou
12%
805 Roche / Acier Ama-Ama
11%
856 Psy Bibichut
11%
822 Vol Bleuseille
11%
825 Insecte / Psy Coléodôme
11%
740 Combat / Glace Crabominable
11%
761 Plante Croquine
11%
874 Roche Dolman
11%
842 Plante / Dragon Dratatin
11%
959 Fée / Acier Forgelina
11%
836 Électrik Fulgudog
11%
689 Roche / Eau Golgopathe
11%
827 Ténèbres Goupilou
11%
765 Normal / Psy Gouroutan
11%
850 Feu / Insecte Grillepattes
11%
859 Ténèbres / Fée Grimalin
11%
824 Insecte Larvadar
11%
774 Roche / Vol Météno
11%
922 Électrik / Combat Pohmotte
11%
773 Normal Silvallié
11%
747 Poison / Eau Vorastérie
11%
893 Ténèbres / Plante Zarude
11%
751 Eau / Insecte Araqua
10%
826 Insecte / Psy Astronelle
10%
875 Glace Bekaglaçon
10%
927 Fée Briochien
10%
762 Plante Candine
10%
869 Fée Charmilly
10%
864 Spectre Corayôme
10%
783 Dragon / Combat Écaïd
10%
885 Dragon / Spectre Fantyrm
10%
754 Plante Floramantis
10%
860 Ténèbres / Fée Fourbelin
10%
998 Dragon / Glace Glaivodo
10%
985 Fée / Psy Hurle-Queue
10%
756 Plante / Fée Lampignon
10%
887 Dragon / Spectre Lanssorien
10%
753 Plante Mimantis
10%
832 Normal Moumouflon
10%
845 Vol / Eau Nigosier
10%
759 Normal / Combat Nounourson
10%
977 Eau Oyacata
10%
806 Feu / Spectre Pierroteknik
10%
1005 Dragon / Ténèbres Rugit-Lune
10%
755 Plante / Fée Spododo
10%
772 Normal Type:0
10%
891 Combat Wushours
10%
769 Spectre / Sol Bacabouh
9%
863 Acier Berserkatt
9%
830 Plante Blancoton
9%
896 Glace Blizzeval
9%
868 Fée Crèmy
9%
1003 Ténèbres / Sol Dinglu
9%
886 Dragon / Spectre Dispareptil
9%
963 Eau Dofin
9%
843 Sol Dunaja
9%
968 Acier Ferdeter
9%
984 Sol / Combat Fort-Ivoire
9%
881 Électrik / Glace Galvagla
9%
880 Électrik / Dragon Galvagon
9%
915 Normal Gourmelet
9%
764 Fée Guérilande
9%
870 Combat Hexadron
9%
994 Feu / Poison Mite-de-Fer
9%
766 Combat Quartermac
9%
820 Normal Rongrigou
9%
990 Sol / Acier Roue-de-Fer
9%
781 Spectre / Plante Sinistrail
9%
964 Eau Superdofin
9%
854 Spectre Théffroi
9%
770 Spectre / Sol Trépassable
9%
867 Sol / Spectre Tutétékri
9%
966 Acier / Poison Vrombotor
9%
838 Roche / Feu Wagomine
9%
930 Plante / Normal Arboliva
8%
873 Glace / Insecte Beldeneige
8%
936 Feu / Psy Carmadura
8%
935 Feu Charbambin
8%
837 Roche Charbi
8%
1001 Ténèbres / Plante Chongjian
8%
924 Normal Compagnol
8%
771 Eau Concombaffe
8%
775 Normal Dodoala
8%
844 Sol Dunaconda
8%
995 Roche / Électrik Épine-de-Fer
8%
916 Normal Fragroin
8%
872 Glace / Insecte Frissonille
8%
847 Eau Hastacuda
8%
883 Eau / Glace Hydragla
8%
833 Eau Khélocrok
8%
853 Combat Krakos
8%
839 Roche / Feu Monthracite
8%
967 Dragon / Normal Motorizard
8%
978 Dragon / Eau Nigirigon
8%
929 Plante / Normal Olivado
8%
902 Eau / Spectre Paragruel
8%
926 Fée Pâtachiot
8%
992 Combat / Électrik Paume-de-Fer
8%
989 Électrik / Sol Pelage-Sablé
8%
852 Combat Poulpaf
8%
988 Insecte / Combat Rampe-Ailes
8%
945 Poison / Normal Tag-Tag
8%
993 Ténèbres / Vol Têtes-de-Fer
8%
829 Plante Tournicoton
8%
971 Spectre Toutombe
8%
965 Acier / Poison Vrombi
8%
876 Psy / Normal Wimessir
8%
940 Électrik / Vol Zapétrel
8%
975 Glace Balbalèze
7%
846 Eau Embrochet
7%
925 Normal Famignol
7%
941 Électrik / Vol Fulgulairo
7%
920 Insecte / Ténèbres Gambex
7%
934 Roche Gigansel
7%
942 Ténèbres Grondogue
7%
962 Vol / Ténèbres Lestombaile
7%
855 Spectre Polthégeist
7%
952 Plante / Feu Scovilain
7%
997 Dragon / Glace Cryodo
6%
918 Insecte Filentrappe
6%
973 Vol / Combat Flamenroule
6%
970 Roche / Poison Floréclat
6%
957 Fée / Acier Forgerette
6%
953 Insecte Léboulérou
6%
879 Acier Pachyradjah
6%
951 Plante Pimito
6%
871 Électrik Wattapik
6%
933 Roche Amassel
5%
878 Acier Charibari
5%
956 Psy Cléopsytra
5%
950 Roche Craparoi
5%
943 Ténèbres Dogrino
5%
958 Fée / Acier Forgella
5%
996 Dragon / Glace Frigodo
5%
932 Roche Selutin
5%
938 Électrik Têtampoule
5%
917 Insecte Tissenboule
5%
972 Spectre Tomberro
5%
946 Plante / Spectre Virovent
5%
939 Électrik Ampibidou
4%
954 Insecte / Psy Bérasca
4%
976 Eau / Psy Délestin
4%
955 Psy Flotillon
4%
986 Plante / Ténèbres Fongus-Furie
4%
969 Roche / Poison Germéclat
4%
944 Poison / Normal Gribouraigne
3%
919 Insecte Lilliterelle
3%
974 Glace Piétacé
3%
931 Normal / Vol Tapatoès
3%
947 Plante / Spectre Virevorreur
3%
Aucun quiz correspondant
Distribution des résultats
% des personnes avec chaque résultat
Percentile par nombre de réponses
Votre historique - résultats
Vous n’avez pas pris ce quiz depuis la dernière actualisation